000
00341pab a2200145 454500
008
180718b1998 xxu||||| |||| 00| 0 eng d
100
_a
Poornalingam, R.
245
_a
Solid waste management in Chennai
260
_c
1998
300
_a
p.49-72
362
_a
Jul-Dec
650
_a
Waste treatment
773
_a
Urban India
909
_a
43829
999
_c
43829
_d
43829